Korean- Dzongkha- English Phrasebook (Record no. 8458)

MARC details
000 -LEADER
fixed length control field 00420nam a22001457a 4500
008 - FIXED-LENGTH DATA ELEMENTS--GENERAL INFORMATION
fixed length control field 200331b ||||| |||| 00| 0 eng d
020 ## - INTERNATIONAL STANDARD BOOK NUMBER
International Standard Book Number 9789993615347
082 ## - DEWEY DECIMAL CLASSIFICATION NUMBER
Classification number 423.1 SUH
100 ## - MAIN ENTRY--PERSONAL NAME
Personal name Suh, Sangrok
245 ## - TITLE STATEMENT
Title Korean- Dzongkha- English Phrasebook
260 ## - PUBLICATION, DISTRIBUTION, ETC.
Place of publication, distribution, etc. Korea ;
Name of publisher, distributor, etc. Gyeongnam Dialectical Research Institute,
Date of publication, distribution, etc. 2019.
300 ## - PHYSICAL DESCRIPTION
Extent 213 p.
Dimensions 21 cm.
650 ## - SUBJECT ADDED ENTRY--TOPICAL TERM
Topical term or geographic name entry element Korean Dzongkha English Phrasebook
942 ## - Added entry Elements (Koha)
Source of classification or shelving scheme Dewey Decimal Classification
Holdings
Withdrawn status Lost status Source of classification or shelving scheme Damaged status Not for loan Collection code Home library Current library Shelving location Date acquired Serial Enumeration / chronology Total Checkouts Full call number Barcode Date last seen Date last checked out Price effective from Koha item type Total Renewals
    Dewey Decimal Classification     Main TEST RTC Library RTC Library Main opac 31/03/2020 14536 1 423.1 SUH 30014584 14/10/2025 26/08/2025 31/03/2020 Main  
    Dewey Decimal Classification     Main TEST RTC Library RTC Library Main opac 31/03/2020 14537 3 423.1 SUH 30014699 22/01/2026 16/06/2025 31/03/2020 Main 4
    Dewey Decimal Classification     Main TEST RTC Library RTC Library Main opac 31/03/2020 14538   423.1 SUH 30014622 31/03/2020   31/03/2020 Main  
    Dewey Decimal Classification     Main TEST RTC Library RTC Library Main opac 31/03/2020 14535 2 423.1 SUH 30014636 05/06/2023 29/03/2023 31/03/2020 Main 5
    Dewey Decimal Classification     Main TEST RTC Library RTC Library Main opac 31/03/2020 14533 1 423.1 SUH 30014750 01/03/2021 15/02/2021 31/03/2020 Main  
Royal Thimphu College || All Right Reserved